Normal view
MARC view
Entry Personal Name
001 - CONTROL NUMBER
- control field: 48394
003 - CONTROL NUMBER IDENTIFIER
- control field: dpl
005 - DATE AND TIME OF LATEST TRANSACTION
- control field: 20120604115056.0
008 - FIXED-LENGTH DATA ELEMENTS
- fixed length control field: 120604|||a|||||| | ||| d
040 ## - CATALOGING SOURCE
- Original cataloging agency: dpl
- Transcribing agency: dpl
100 ## - HEADING--PERSONAL NAME
- Personal name: Narayanan, P.
670 ## - SOURCE DATA FOUND
- Source citation: Work cat.: (dpl): Narayanan, P., Intellectual property law /, 2006
670 ## - SOURCE DATA FOUND
- Source citation: Work cat.: (dpl): Narayanan, P., Intellectual property law /, 2006
